000 00533nmm a2200193Ia 4500
008 251105s9999||||xx |||||||||||||||||und||
020 _a9788490650462
041 _aspa
100 _aDobbs, Michael
245 0 _aHouse of Cards
264 _a[Madrid, España] :
_bAlba Editorial,
_c2016
300 _a448 páginas
490 _aAlba Contemporánea
650 _aEnglish Narrative
700 _aDobbs, Michael
700 1 _a Antón de Vez, Patricia
856 _uhttps://public.digitaliapublishing.com/a/48826
942 _cCF
999 _c64823
_d64823